<?xml version="1.0" encoding="UTF-8"?>
<record
    xmlns:xsi="http://www.w3.org/2001/XMLSchema-instance"
    xsi:schemaLocation="http://www.loc.gov/MARC21/slim http://www.loc.gov/standards/marcxml/schema/MARC21slim.xsd"
    xmlns="http://www.loc.gov/MARC21/slim">

  <leader>00923nam a2200217   4500</leader>
  <controlfield tag="001">122601</controlfield>
  <controlfield tag="003">ES-MaACL</controlfield>
  <controlfield tag="005">20240206203242.0</controlfield>
  <controlfield tag="007">t|</controlfield>
  <controlfield tag="008">070214s1975    sp      r    ||||1| spa d</controlfield>
  <datafield tag="110" ind1="2" ind2=" ">
    <subfield code="a">Instituto de Espa&#xF1;a. </subfield>
    <subfield code="b">C&#xE1;tedra Ram&#xF3;n y Cajal.</subfield>
    <subfield code="9">4875</subfield>
  </datafield>
  <datafield tag="245" ind1="1" ind2="0">
    <subfield code="a">Problemas actuales de gen&#xE9;tica humana </subfield>
    <subfield code="b">: simposio celebrado en la Real Academia Nacional de Medicina los d&#xED;as 27 y 28 de noviembre de 1975 /</subfield>
    <subfield code="c">editores: J. Botella Llusi&#xE1; y L. Izquierdo G&#xF3;ngora.</subfield>
  </datafield>
  <datafield tag="260" ind1=" " ind2=" ">
    <subfield code="a">Madrid : </subfield>
    <subfield code="b">Instituto de Espa&#xF1;a, </subfield>
    <subfield code="c">1976.</subfield>
  </datafield>
  <datafield tag="300" ind1=" " ind2=" ">
    <subfield code="a">261 p. : </subfield>
    <subfield code="b">il. ; </subfield>
    <subfield code="c">20 cm.</subfield>
  </datafield>
  <datafield tag="500" ind1=" " ind2=" ">
    <subfield code="a">II Simposio organizado por la C&#xE1;tedra Ram&#xF3;n y Cajal del Instituto de Espa&#xF1;a.</subfield>
  </datafield>
  <datafield tag="700" ind1="1" ind2=" ">
    <subfield code="a">Botella Llusi&#xE1;, Jos&#xE9;,</subfield>
    <subfield code="d">1912-2002</subfield>
    <subfield code="9">30758</subfield>
  </datafield>
  <datafield tag="700" ind1="1" ind2=" ">
    <subfield code="a">Izquierdo G&#xF3;ngora, Luis.</subfield>
    <subfield code="9">65726</subfield>
  </datafield>
  <datafield tag="710" ind1="2" ind2=" ">
    <subfield code="a">Real Academia Nacional de Medicina (Espa&#xF1;a)</subfield>
    <subfield code="9">6344</subfield>
  </datafield>
  <datafield tag="852" ind1=" " ind2=" ">
    <subfield code="a">ES-MaACL</subfield>
    <subfield code="j">L-229 </subfield>
    <subfield code="b">R.100989</subfield>
  </datafield>
  <datafield tag="999" ind1=" " ind2=" ">
    <subfield code="c">122601</subfield>
    <subfield code="d">122601</subfield>
  </datafield>
  <datafield tag="952" ind1=" " ind2=" ">
    <subfield code="0">0</subfield>
    <subfield code="1">0</subfield>
    <subfield code="4">0</subfield>
    <subfield code="7">0</subfield>
    <subfield code="a">ATENEOM</subfield>
    <subfield code="b">ATENEOM</subfield>
    <subfield code="c">DEPO2</subfield>
    <subfield code="d">2008-01-17</subfield>
    <subfield code="e">SC</subfield>
    <subfield code="l">0</subfield>
    <subfield code="o">L-229</subfield>
    <subfield code="p">1127753</subfield>
    <subfield code="r">2023-02-23 00:00:00</subfield>
    <subfield code="w">2023-02-23</subfield>
    <subfield code="y">MONOGRAFIA</subfield>
  </datafield>
</record>
